El comercio y la crísis colonial: un mito de la independencia
Furkejuvvon:
| Váldodahkki: | |
|---|---|
| Materiálatiipa: | Girji |
| Giella: | espánnjágiella |
| Almmustuhtton: |
Santiago
De la Universidad de Chile
1968
|
| Fáttát: | |
| Fáddágilkorat: |
Lasit fáddágilkoriid
Eai fáddágilkorat, Lasit vuosttaš fáddágilkora!
|
MARC
| LEADER | 00000nam a2200000 a 4500 | ||
|---|---|---|---|
| 001 | UCY4803 | ||
| 003 | CL-VaPUC | ||
| 008 | 950329e19680000CL |||||||||||||||||spa|d | ||
| 082 | 0 | 4 | |a 983.03 |b VIL |2 21 |
| 100 | 0 | |a Villalobos Rivera, Sergio |e author |9 333300 | |
| 245 | 1 | 3 | |a El comercio y la crísis colonial: un mito de la independencia |
| 300 | |a 382 p | ||
| 942 | |c BK | ||
| 945 | |d 19950329 00:00:00 |a oaravena | ||
| 260 | |a Santiago |b De la Universidad de Chile |c 1968 | ||
| 650 | 7 | |a COMERCIO SIGLO 16-18 |2 CL-VaPUC |9 333301 | |
| 651 | 7 | |a CHILE |2 CL-VaPUC |9 333302 | |
| 583 | |a last modification |c 19950329 00:00:00 |k Rodrigo Vera | ||
| 999 | |c 232567 |d 232565 | ||
| 952 | |0 0 |1 0 |4 0 |6 983_030000000000000_VIL_1968 |7 0 |8 R |9 237260 |a BIBHIS |b BIBHIS |d 2019-11-15 |i 3072517 |o 983.03 VIL 1968 |p 3072517 |r 2024-01-30 |w 2019-11-15 |y BK_R |k HIS | ||
| 952 | |0 0 |1 0 |4 0 |6 983_030000000000000_VIL_1968 |7 0 |8 R |9 237261 |a BIBHIS |b BIBHIS |d 2019-11-15 |i 3263053 |o 983.03 VIL 1968 |p 3263053 |r 2024-01-30 |w 2019-11-15 |y BK_R |k HIS | ||
| 952 | |0 0 |1 0 |4 0 |6 983_030000000000000_VIL_1968 |7 0 |8 R |9 237262 |a BIBHIS |b BIBHIS |d 2019-11-15 |i 1256947 |l 1 |o 983.03 VIL 1968 |p 1256947 |r 2024-01-30 |s 2022-05-05 |w 2019-11-15 |y BK_R |k HIS | ||
| 952 | |0 0 |1 0 |4 0 |6 983_030000000000000_VIL_1968 |7 0 |8 R |9 237263 |a BIBHIS |b BIBHIS |d 2019-11-15 |i 1256955 |o 983.03 VIL 1968 |p 1256955 |r 2024-01-30 |w 2019-11-15 |y BK_R |k HIS | ||